Commerce

Saved in:
Bibliographic Details
Main Author: Wright, F.J
Format: Book
Language:English
Published: London English Universities Press 1947
Series:The Technical college series
Tags: Add Tag
No Tags, Be the first to tag this record!

MARC

LEADER 00000nam a2200000 4500
001 c126683
005 20240311124705.3
041 0 |a eng 
044 |a GB 
245 1 0 |a Commerce  |c F.J. Wright 
264 1 |a London  |b English Universities Press  |c 1947 
300 |a 287 s. 
490 1 |a The Technical college series 
830 0 |a The Technical college series 
100 1 |a Wright, F.J.